<?xml version="1.0" encoding="UTF-8"?>
<record
    xmlns:xsi="http://www.w3.org/2001/XMLSchema-instance"
    xsi:schemaLocation="http://www.loc.gov/MARC21/slim http://www.loc.gov/standards/marcxml/schema/MARC21slim.xsd"
    xmlns="http://www.loc.gov/MARC21/slim">

  <leader>01309nam a22002897a 4500</leader>
  <datafield tag="999" ind1=" " ind2=" ">
    <subfield code="c">119742</subfield>
    <subfield code="d">119742</subfield>
  </datafield>
  <controlfield tag="003">dpl</controlfield>
  <controlfield tag="005">20190403113033.0</controlfield>
  <controlfield tag="008">190403b           ||||| |||| 00| 0 eng d</controlfield>
  <datafield tag="010" ind1=" " ind2=" ">
    <subfield code="a">B-075374</subfield>
  </datafield>
  <datafield tag="020" ind1=" " ind2=" ">
    <subfield code="c">160.00</subfield>
    <subfield code="a">817995018</subfield>
  </datafield>
  <datafield tag="035" ind1=" " ind2=" ">
    <subfield code="a">B-075374, B-075378</subfield>
  </datafield>
  <datafield tag="037" ind1=" " ind2=" ">
    <subfield code="b">Cen Lib/Ret</subfield>
  </datafield>
  <datafield tag="040" ind1=" " ind2=" ">
    <subfield code="a">DPL</subfield>
    <subfield code="b">HN</subfield>
    <subfield code="c">0</subfield>
  </datafield>
  <datafield tag="082" ind1=" " ind2=" ">
    <subfield code="a">005</subfield>
    <subfield code="b">&#x917;&#x94B;&#x92F;&#x932; </subfield>
  </datafield>
  <datafield tag="100" ind1=" " ind2=" ">
    <subfield code="a">&#x917;&#x94B;&#x92F;&#x932;, &#x90F;&#x92E;.&#x90F;&#x92E; </subfield>
    <subfield code="9">73</subfield>
  </datafield>
  <datafield tag="245" ind1=" " ind2=" ">
    <subfield code="a">&#x915;&#x902;&#x92A;&#x94D;&#x92F;&#x942;&#x91F;&#x930; &#x915;&#x94D;&#x930;&#x93E;&#x902;&#x924;&#x93F; :</subfield>
    <subfield code="c">&#x90F;&#x92E;.&#x90F;&#x92E; &#x917;&#x94B;&#x92F;&#x932; [&#x90F;&#x935;&#x902;] &#x92A;&#x94D;&#x930;&#x93F;&#x92F; &#x917;&#x94B;&#x92F;&#x932; </subfield>
    <subfield code="b">&#x90F;&#x915; &#x92A;&#x930;&#x93F;&#x91A;&#x92F; /</subfield>
  </datafield>
  <datafield tag="246" ind1=" " ind2=" ">
    <subfield code="a">Computer kranti : ek parichay /</subfield>
    <subfield code="b">by M.M. Goyal [evam] Priya Goyal</subfield>
  </datafield>
  <datafield tag="260" ind1=" " ind2=" ">
    <subfield code="a">&#x91C;&#x92F;&#x92A;&#x941;&#x930; </subfield>
    <subfield code="b">&#x905;&#x928;&#x941;&#x92A;&#x94D;&#x930;&#x93F;&#x92F;&#x93E; &#x92A;&#x92C;&#x94D;&#x932;&#x93F;&#x936;&#x93F;&#x902;&#x917; &#x939;&#x93E;&#x909;&#x938; </subfield>
  </datafield>
  <datafield tag="270" ind1=" " ind2=" ">
    <subfield code="b">&#x91C;&#x92F;&#x92A;&#x941;&#x930; </subfield>
    <subfield code="a">&#x92E;&#x93E;&#x932;&#x935;&#x940;&#x92F; &#x928;&#x917;&#x930; </subfield>
    <subfield code="e">302017</subfield>
  </datafield>
  <datafield tag="300" ind1=" " ind2=" ">
    <subfield code="a">130&#x92A;&#x943;.:</subfield>
    <subfield code="c">20&#x938;&#x947;&#x92E;&#x940;(&#x938;&#x91C;&#x93F;&#x932;&#x94D;&#x926; ) </subfield>
    <subfield code="b">&#x938;&#x91A;&#x93F;&#x924;&#x94D;&#x930; </subfield>
  </datafield>
  <datafield tag="650" ind1=" " ind2=" ">
    <subfield code="a">&#x915;&#x902;&#x92A;&#x94D;&#x92F;&#x942;&#x91F;&#x930; &#x935;&#x93F;&#x91C;&#x94D;&#x91E;&#x93E;&#x928;</subfield>
    <subfield code="x"> </subfield>
    <subfield code="z"> </subfield>
    <subfield code="9">86644</subfield>
  </datafield>
  <datafield tag="650" ind1=" " ind2=" ">
    <subfield code="a">&#x915;&#x902;&#x92A;&#x94D;&#x92F;&#x942;&#x91F;&#x930; &#x935;&#x93F;&#x91C;&#x94D;&#x91E;&#x93E;&#x928;--&#x92D;&#x923;&#x94D;&#x921;&#x93E;&#x930;&#x923; &#x915;&#x947; &#x909;&#x92A;&#x915;&#x930;&#x923; </subfield>
    <subfield code="9">86645</subfield>
  </datafield>
  <datafield tag="650" ind1=" " ind2=" ">
    <subfield code="a">Computer Science</subfield>
    <subfield code="9">86646</subfield>
  </datafield>
  <datafield tag="650" ind1=" " ind2=" ">
    <subfield code="a">Computer Science - storage equipment</subfield>
    <subfield code="9">86647</subfield>
  </datafield>
  <datafield tag="700" ind1=" " ind2=" ">
    <subfield code="a">&#x917;&#x94B;&#x92F;&#x932;, &#x92A;&#x94D;&#x930;&#x93F;&#x92F;&#x93E; </subfield>
    <subfield code="9">86648</subfield>
  </datafield>
  <datafield tag="942" ind1=" " ind2=" ">
    <subfield code="2">ddc</subfield>
    <subfield code="c">HN</subfield>
    <subfield code="h">005</subfield>
    <subfield code="m">&#x917;&#x94B;&#x92F;&#x932; </subfield>
  </datafield>
  <datafield tag="952" ind1=" " ind2=" ">
    <subfield code="0">4</subfield>
    <subfield code="1">0</subfield>
    <subfield code="4">0</subfield>
    <subfield code="7">0</subfield>
    <subfield code="a">L</subfield>
    <subfield code="b">L</subfield>
    <subfield code="d">2015-09-18</subfield>
    <subfield code="e">Cen Lib/Ref</subfield>
    <subfield code="g">160.00</subfield>
    <subfield code="l">0</subfield>
    <subfield code="o">005 &#x917;&#x94B;&#x92F;&#x932;</subfield>
    <subfield code="p">B-075374</subfield>
    <subfield code="r">2015-09-18 00:00:00</subfield>
    <subfield code="t">1</subfield>
    <subfield code="v">160.00</subfield>
    <subfield code="w">2015-09-18</subfield>
    <subfield code="y">HN</subfield>
    <subfield code="z">Written off on approval by DLB (By Circulation); dtd 15-06-2023</subfield>
  </datafield>
  <datafield tag="952" ind1=" " ind2=" ">
    <subfield code="0">0</subfield>
    <subfield code="1">0</subfield>
    <subfield code="2">ddc</subfield>
    <subfield code="4">0</subfield>
    <subfield code="7">0</subfield>
    <subfield code="8">NFIC</subfield>
    <subfield code="a">BL4</subfield>
    <subfield code="b">BL4</subfield>
    <subfield code="d">2019-04-03</subfield>
    <subfield code="e">BPPD/PUB</subfield>
    <subfield code="g">160.00</subfield>
    <subfield code="l">0</subfield>
    <subfield code="o">005 &#x917;&#x94B;&#x92F;&#x932;</subfield>
    <subfield code="p">B-075378</subfield>
    <subfield code="r">2019-04-03 00:00:00</subfield>
    <subfield code="v">160.00</subfield>
    <subfield code="w">2019-04-03</subfield>
    <subfield code="y">HN</subfield>
  </datafield>
</record>
